[Event "Corus-B"]
[Site "Wijk aan Zee"]
[Date "2009.01.27"]
[Round "9"]
[White "Werle, Jan"]
[Black "Vallejo Pons, Francisco"]
[Result "0-1"]
[WhiteElo "2607"]
[BlackElo "2702"]
[Annotator "Krasenkow,M"]
[PlyCount "62"]
[EventDate "2009.01.17"]
[EventType "tourn"]
[EventRounds "13"]
[EventCountry "NED"]
[EventCategory "16"]
[SourceTitle "CBM 129"]
[Source "ChessBase"]
[SourceDate "2009.03.25"]
[SourceVersion "1"]
[SourceVersionDate "2009.03.25"]
[SourceQuality "1"]

1. d4 Nf6 2. c4 g6 3. Nc3 Bg7 4. e4 d6 5. Nf3 O-O 6. Be2 e5 7. O-O Nc6 8. d5
Ne7 9. b4 Ne8 10. a4 f5 11. Nd2 (11. a5 {- see Ivanchuk-Radjabov in this issue.
}) 11... Nf6 12. c5 {Transposing to one of the main lines, in which White
should keep the better prospects.} f4 13. Nc4 g5 14. Nb5 $146 {[%mdl 8] Praxis
has seen a lot of alternatives:} (14. cxd6 $5 cxd6 15. b5 g4 (15... Ng6 {
-14.Ba3}) 16. Ba3 f3 17. gxf3 Ne8 (17... gxf3 $142 18. Bxf3 Ne8) 18. fxg4 Ng6
19. f3 Bh6 20. Ra2 Bf4 21. Qe1 h5 22. Kh1 hxg4 23. fxg4 Rf7 24. Bd1 Qg5 25. b6
a5 26. Bxd6 Rh7 27. Bc5 Nf6 28. Be3 Bxg4 29. Bxf4 exf4 30. Rg2 $18 {1-0
Taimanov,M-Klovsky,R/Riga 1968/MCD (39)}) (14. g4 Ng6 15. Ba3 Nh4 16. f3 h5 17.
h3 Rf7 18. a5 Bf8 19. Kf2 (19. b5 $1) 19... a6 20. Na4 hxg4 21. hxg4 Rh7 (21...
Bxg4 $1 $40) 22. Qb3 Bd7 23. cxd6 cxd6 24. Nab6 Rb8 25. Rac1 Be8 26. Rc3 Rc7
27. Rfc1 Bg6 28. Nd2 Rxc3 29. Rxc3 Nd7 30. Nxd7 Qxd7 31. Nc4 Be8 {1/2 Primel,D
(2030)-Gouret,T (2305)/Issy les Moulineaux 1997/EXT 2007}) (14. h3 Ng6 15. Ba3
Rf7 16. b5 Bf8 17. b6 dxc5 18. bxc7 Qxc7 19. d6 Qd8 20. Bxc5 (20. Qd3 $13)
20... f3 $1 21. Bxf3 $2 Be6 22. Ne3 Rc8 23. Bxa7 Rxc3 $19 {0-1 Retamozo,H 
(2235)-Roselli Mailhe,B (2412)/Callao 2007/CBM 119 ext (38)}) (14. Ba3 Ng6 15.
cxd6 cxd6 16. b5 Ne8 17. Bb4 Nh4 18. Ra3 g4 19. g3 f3 20. Bd3 Rf6 21. Re1 $6 (
21. Ne3) 21... Ng2 22. Bf1 Nxe1 23. Qxe1 h5 24. Ne3 Bf8 25. Nf5 Ng7 $17 {
0-1 Zamorano,J (2254)-Roselli Mailhe,B (2420)/Mar del Plata 2008/CBM 123 Extra
(50)}) ({Finally,} 14. f3 {leads to a well-known theoretical position from the
9.Nd2 line (9.Nd2 Ne8 10.b4 f5 11.c5 Nf6 12.f3 f4 13.Nc4 g5 14.a4), also
considered favorable for White.}) {The text move is quite curious. It turns
out that the capture on e4 is risky for Black. However, if Black simply
protects the d6 pawn, this knight has nothing to do on b5 and soon will have
to retreat. No problem, White is better anyway.} 14... Ne8 (14... Nxe4 15. f3
a6 (15... Nf6 16. Nxc7 $1) 16. Nxc7 $1 Nc3 17. Qe1 Nxe2+ 18. Qxe2 Qxc7 19. cxd6
Qd8 20. dxe7 Qxe7 21. d6 Qe6 22. Bb2 $16) (14... dxc5 15. bxc5 c6 (15... Nxe4
$2 16. d6) 16. dxc6 Nxc6 17. Nbd6 $16 Nd4 $2 18. Nxe5) 15. Ba3 Ng6 16. Bg4 (16.
Rc1 a6 17. Nc3 Rf7 {[%cal Yg7f8,Yf7g7,Yg6h4]}) 16... Nh4 17. Bxc8 Rxc8 (17...
Qxc8 $5 {[%cal Rf4f3]} 18. f3) 18. g3 $1 {Knight, go away!} (18. Nxa7 Ra8 19.
Nb5 f3 20. g3 Qd7 21. Kh1 Qh3 22. Rg1 Ng2 $36) (18. c6 a6 19. Nc3 (19. cxb7 Rb8
20. Nc3 f3 21. g3 Qd7) 19... b6 $5 {The position is hard to evaluate although
Black's plan (a kingside attack) is more clear.}) 18... a6 19. Nc3 Ng6 20. Qg4
Rf7 21. Na5 $6 {Wrong! It was essential to keep attacking the d6 pawn.} (21. b5
$1 Nf6 $140 (21... axb5 22. axb5 dxc5 23. Bxc5 Nd6 $140 24. Bxd6 cxd6 25. Nxd6
$1 Rxc3 26. Nxf7 Kxf7 27. Qe6+ Kf8 28. Rfc1 $18) 22. Qxg5 Qf8 23. cxd6 cxd6 24.
Nxd6 $1 Rxc3 25. Nxf7 Qxf7 (25... Rxa3 26. Rxa3 Qxa3 27. Nh6+ $16) 26. Qf5 $16)
21... Nf6 22. Qe2 (22. Qxg5 Qf8 {[%cal Rg7h6] threatening 23...Bh6 24.Qf5Nxd5,
and the c3 knight is hanging} 23. Bb2 $1 $13) 22... Rb8 23. b5 $6 {Perhaps it
was better for White to admit his mistakes by playing} (23. Nc4) 23... axb5 24.
Nxb5 $2 {Removing another piece from the scene of the action. This is too much!
} (24. axb5 dxc5 25. Rfb1 $5 {[%cal Yb5b6] deserved attention, freeing the f1
square for the queen and preparing b5-b6.}) 24... dxc5 25. Bxc5 {[%csl Ra5,Rb5,
Rc5]} f3 $1 {[%mdl 192]} 26. Qc4 (26. Qxf3 $2 Nd7 27. Qe3 Nxc5 28. Qxc5 b6)
26... Qc8 27. Rfe1 {Otherwise, if, say,} (27. Rfd1 {then} Nxe4 $1) 27... Nf4 $5
(27... b6 28. Nc6 bxc5 29. Nxb8 Nf4 $1 30. Qf1 Ne2+ 31. Rxe2 fxe2 32. Qxe2 Qxb8
{was perhaps even stronger.}) 28. Re3 $2 (28. Qf1 {was more stubborn but after}
Qg4 {Black's attack should decide the game.}) 28... Qh3 29. Qf1 Ng4 $1 30. Qxh3
Nxh3+ 31. Kf1 Nhxf2 {with decisive material gains. A typical picture - White
carelessly moved his pieces far away to the queenside but Black's kingside
attack proved stronger. An instructive game!} 0-1

[Event "WchT 7th"]
[Site "Bursa"]
[Date "2010.01.09"]
[Round "5.1"]
[White "Gelfand, Boris"]
[Black "Nakamura, Hikaru"]
[Result "0-1"]
[WhiteElo "2761"]
[BlackElo "2708"]
[Annotator "Ftacnik,L"]
[PlyCount "66"]
[EventDate "2010.01.05"]
[EventType "team-tourn"]
[EventRounds "9"]
[EventCountry "TUR"]
[SourceTitle "CBM 134"]
[Source "ChessBase"]
[SourceDate "2010.01.18"]
[SourceVersion "1"]
[SourceVersionDate "2010.01.18"]
[SourceQuality "1"]
[WhiteTeam "Israel"]
[BlackTeam "US of America"]
[WhiteTeamCountry "ISR"]
[BlackTeamCountry "USA"]

1. d4 Nf6 2. c4 g6 3. Nc3 Bg7 4. e4 d6 5. Nf3 O-O 6. Be2 e5 7. O-O Nc6 8. d5
Ne7 9. Nd2 Ne8 {The other retreat of the knight to d7 used to be considered
safer, but Nakamura loves to play sharp positions.} (9... Nd7) 10. b4 f5 11. c5
Nf6 12. f3 f4 13. Nc4 g5 14. a4 Ng6 15. Ba3 Rf7 16. b5 dxc5 {Another
symptomatic decision to give up the central structure. White will get the
chance to toy also with the d5-d6 advance, Black has won time for advancing
his kingside attack.} 17. Bxc5 h5 18. a5 g4 19. b6 g3 20. Kh1 Bf8 {The
defender has three other moves at his disposal. Very instructive are two games
won by Cvitan with the same ingenious combination after 20...Nh7.} (20... Nh7
21. d6 (21. Nb5 Qh4 22. Bg1 Bh3 23. Re1 Bxg2+ 24. Kxg2 Qh3+ 25. Kxh3 Ng5+ 26.
Kg2 Nh4+ 27. Kf1 g2+ 28. Kf2 Nh3# {0-1 Epishin,V (2570)-Cvitan,O (2570)/
Switzerland 1997}) 21... Qh4 22. Bg1 Bh3 $5 23. bxc7 $4 (23. gxh3 $1 Qxh3 24.
Rf2 gxf2 25. Bxf2 $16) 23... Bxg2+ $1 24. Kxg2 Qh3+ $3 (24... Ng5 $2 25. Rf2 $1
) 25. Kxh3 Ng5+ 26. Kg2 Nh4+ {0-1 Ftacnik,L (2585)-Cvitan,O (2570)/Germany 1997
}) (20... Ne8 21. bxc7 (21. Nb5 Bf8 22. Bg1 Qg5 23. Re1 h4 24. Bf1 h3 25. gxh3
Rg7 26. Qe2 Nh4 27. hxg3 fxg3 28. Ne3 {1/2-1/2 Siegel,G (2540)-Maiwald,J (2460)
/Germany 1998 (47)} Rf7 $15) (21. d6 axb6 22. dxc7 {1/2-1/2 Andruet,G (2370)
-Arbakov,V (2575)/France 1994}) 21... Rxc7 22. Bg1 Bf8 23. d6 Rg7 24. Qd5+ Kh7
25. Nxe5 Nf6 26. Qd4 Nxe5 27. Qxe5 Bxd6 28. Qd4 $14 {0-1 Babula,V (2594)
-Polzin,R (2497)/Austria 2004 (38)}) (20... axb6 21. axb6 Rxa1 22. Qxa1 Ng4 23.
fxg4 Qh4 24. Bg1 hxg4 25. Qa8 f3 (25... Rf8 26. bxc7 f3 27. Bxf3 gxf3 28. Rxf3
$18) 26. Qxc8+ Kh7 27. Bxf3 Rxf3 28. gxf3 g2+ 29. Kxg2 Qh3+ 30. Kh1 Qxf1 31.
Nd2 {1-0 Tratar,M (2471)-Roselli Mailhe,B (2446)/Bled 2002 (35)}) 21. d6 $146 {
Gelfand is the first player to deviate from the obvious retreat of the bishop
to g1 with the help of a sharp novelty.} (21. Bg1 Nh4 (21... axb6 22. axb6 Rxa1
23. Qxa1 h4 24. h3 Bxh3 25. gxh3 Qc8 26. Kg2 Nh7 27. Nxe5 Nxe5 28. Bd4 Ng5 29.
Rh1 Nd7 30. Nb5 Nxb6 31. Qa5 $14 {1-0 Arbakov,V (2420)-Gufeld,E (2480)/Soviet
Union 1986 (43)}) 22. Re1 Nxg2 23. Kxg2 Rg7 24. Nxe5 gxh2+ 25. Kh1 Nxe4 {
0-1 Roussel Roozmon,T (2486)-Charbonneau,P (2499)/Montreal 2008}) 21... axb6
22. Bg1 (22. axb6 Rxa1 23. Qxa1 cxd6 24. Bg1 (24. Rd1 Ng4 $1 25. fxg4 Qh4 26.
Bg1 hxg4 27. Rxd6 (27. Ne3 gxh2 28. Bxh2 g3 29. Nf1 Be6 $17) 27... Bxd6 28.
Nxd6 f3 29. Bf1 Rf8 $19) 24... gxh2 25. Bxh2 h4 26. Qa2 Nh5 $17) 22... Nh4 $5 (
22... bxa5 23. dxc7 Qxc7 24. Nb5 Qe7 25. Nbd6 Rg7 26. Rxa5 Rxa5 27. Nxc8 Qc7
28. Nxa5 Qxc8 $11) (22... gxh2 23. Bxh2 bxa5 24. dxc7 Qxd1 25. Rfxd1 Rxc7 26.
Nb6 Rxc3 27. Nxa8 Bb4 $11) 23. Re1 (23. Nxe5 Bh3 $1 24. Bd4 (24. gxh3 g2#)
24... Bxg2+ 25. Kg1 Rg7 (25... Bxd6 26. Nxf7 Kxf7 27. axb6 Rxa1 28. Qb3+ Kg7
29. Rxa1 c5 $17) 26. Qb3+ Kh7 27. hxg3 Rxg3 28. Qf7+ Bg7 $19) (23. hxg3 $1 fxg3
24. Be3 (24. Qe1 Rg7 25. Be3 Bh3 26. Rg1 Qc8 $17) 24... Bh3 (24... Bxd6 $2 25.
Bg5 Ng6 26. Nxd6 Qxd6 27. Bc4 $16) 25. Rg1 Bxg2+ 26. Rxg2 Rg7 27. Nd5 Bxd6 28.
Nxd6 Qxd6 29. axb6 Rxa1 30. Qxa1 Nxg2 31. Kxg2 Nxd5 32. exd5 $14) (23. Ra2 Bh3
24. Bd3 Bxd6 25. gxh3 Qd7 26. Re1 bxa5 $11) 23... Nxg2 $1 {[%mdl 128] Black is
extremely creative in attacking positions and has an exceptional feeling for
the initiative.} 24. dxc7 $2 {White must have been unpleasantly shocked and
his reaction is simply insufficient.} (24. Kxg2 Rg7 25. dxc7 gxh2+ 26. Kh1 (26.
Kxh2 Ng4+ 27. fxg4 Qh4+ 28. Kg2 hxg4 29. Qd5+ Rf7 30. Bxb6 (30. Nxe5 Qh3+ 31.
Kf2 g3+ 32. Kf3 Qh1#) (30. Qxf7+ Kxf7 31. Nxe5+ Kg7 32. Bd4 Qh3+ 33. Kg1 Bc5
$19) 30... f3+ 31. Kf1 Be6 32. Qxe6 Qh3+ 33. Kf2 g3+ 34. Ke3 Qxe6 $19) 26...
hxg1=Q+ 27. Rxg1 Qxc7 28. axb6 Rxa1 29. bxc7 Rxd1 30. Bxd1 Rxg1+ 31. Kxg1 Ne8
32. Nd5 Be6 33. Nxe5 Bd6 34. Nxf4 Nxc7 $11) 24... Nxe1 $1 25. Qxe1 (25. cxd8=Q
g2#) 25... g2+ $1 26. Kxg2 Rg7+ 27. Kh1 (27. Kf2 Bc5+ $19) 27... Bh3 28. Bf1 (
28. Qf2 Qd4 29. Bf1 Qxf2 30. Bxf2 Bxf1 31. Rxf1 Rxc7 $19) 28... Qd3 $1 {
The motif of mate on g2 is repeated in this game many times always with great
effect. Nakamura's beautiful combination will make its way into the books.} 29.
Nxe5 (29. Bxd3 Bg2#) (29. Bxh3 Qxf3+ 30. Bg2 Qxg2#) 29... Bxf1 30. Qxf1 (30.
Nxd3 Bg2#) 30... Qxc3 31. Rc1 (31. Nd3 Qxc7 $19) 31... Qxe5 32. c8=Q Rxc8 33.
Rxc8 Qe6 {A fascinating game illustrating for the umpteenth time the charms of
tactics in chess.} 0-1

[Event "Norway Chess 1st"]
[Site "Stavanger"]
[Date "2013.05.13"]
[Round "5"]
[White "Hammer, Jon Ludvig"]
[Black "Wang, Hao"]
[Result "1-0"]
[WhiteElo "2608"]
[BlackElo "2743"]
[Annotator "Krasenkow,M"]
[PlyCount "97"]
[EventDate "2013.05.08"]
[EventType "tourn"]
[EventRounds "9"]
[EventCountry "NOR"]
[EventCategory "21"]
[SourceTitle "CBM 155"]
[Source "ChessBase"]
[SourceDate "2013.07.16"]
[SourceVersion "1"]
[SourceVersionDate "2013.07.16"]
[SourceQuality "1"]

1. d4 Nf6 2. c4 g6 3. f3 Bg7 4. e4 d6 5. Ne2 {This way (Ng1-e2-c3) White
avoids normal, deeply developed, Sämisch lines.} a6 {Immediately starting one
of the standard counter-plans (...a7-a6, ...c7-c6 and ...b7-b5).} (5... O-O {
is more common.}) 6. Nec3 c6 7. Na3 (7. a4 a5 {is probably good for Black, who
will now fight for dark squares by means of ...e7-e5:} 8. Be3 Na6 9. Be2 O-O
10. O-O e5 (10... Qc7 11. Nd2 e5 12. dxe5 dxe5 13. c5 Rd8 14. Bxa6 bxa6 $6 15.
Qe2 Be6 16. Nc4 Bxc4 17. Qxc4 $14 {1-0 (70) Erdos,V (2623)-Jobava,B (2678)
Warsaw 2011}) 11. d5 Nh5 12. Re1 f5 13. Nd2 c5 14. Bf1 f4 15. Bf2 Bf6 $36 {
>> 0-1 (33) Cacho Reigadas,S (2405)-Dimitrov,V (2495) Vendrell 1996}) 7... b5
8. Nc2 O-O 9. Be3 Nbd7 10. cxb5 axb5 11. Be2 Bb7 12. O-O {White's c2-knight is
placed well but Black's position is quite comfortable, too.} e5 13. Qd2 exd4
14. Bxd4 Qe7 (14... b4 $5 15. Nxb4 c5 16. Bxf6 Nxf6 $44 {M.Golubev}) 15. a3 Nc5
{This is the start of a long series of manoeuvres.} 16. Rad1 Rfd8 17. Bf2 Ne6 (
17... d5 $5 18. e5 (18. Qe3 Ne6) 18... Nfd7 19. f4 Nb3 20. Qe3 Ndc5 $132) 18.
Bh4 Rd7 19. Qc1 Qe8 (19... Qf8 {, keeping the e8-square free, looks more
appropriate.}) 20. Rfe1 Nh5 21. Bf1 Be5 (21... Qf8 {was still possible.}) 22.
g3 f6 $5 {Black initiates complications.} 23. f4 g5 $5 24. fxe5 gxh4 25. exd6
$6 (25. exf6 $142 hxg3 26. Qh6 $1 (26. hxg3 Qg6) (26. Bh3 Nef4 $1 27. Bxd7 Qxd7
$40) 26... gxh2+ 27. Kxh2 Qg6 28. Qxg6+ hxg6 29. Bh3 Nhf4 30. Bxe6+ Nxe6 31.
Ne3 $14 {[%csl Gf6]}) 25... hxg3 26. hxg3 Rg7 27. Ne2 Nxg3 28. Nxg3 Rxg3+ 29.
Kf2 Rg7 $36 {White's king is almost naked but Black's Ra8 and Bb7 are out of
play, which makes his attack less powerful. And don't forget about White's
strong d6-pawn!} 30. Ne3 Qh5 {[%mdl 128]} 31. Nf5 Rg5 $2 {This move gives
White a crucial reprieve.} (31... Qh2+ $142 32. Ke3 Rg1 33. Qc3 Rf8 $36) 32.
Re3 $1 Qh2+ 33. Ke1 {White's king has found a shelter.} Nf4 $2 (33... Qf4 34.
Qc3 c5 {[%cal Rb7e4]} 35. Rd2 $1 $16 Bxe4 $140 36. Rf2) 34. d7 $2 (34. Rd2 $1
Qg1 35. Rf3 Ng6 (35... Ng2+ 36. Kd1 $18 {[%cal Yd6d7]}) 36. d7 Rd8 37. Qc3 Ne5
38. Nh6+ Kg7 39. Rh3 {[%cal Rc3a5,Rh6f5]} Rxd7 40. Rxd7+ Nxd7 41. Qb3 $18)
34... Rd8 $2 (34... Ng2+ $1 35. Bxg2 Rxg2 {was a chance not just to draw the
game but to make White do precisely that:} 36. Rg3+ $1 (36. d8=Q+ Rxd8 37.
Rxd8+ Kf7 38. Rf8+ Kxf8 39. Qc5+ Kg8 $1 {is in Black's favour}) 36... Rxg3 37.
d8=Q+ Rxd8 38. Rxd8+ Kf7 39. Nxg3 Qxg3+ {, and Black gives a perpetual 
(indicated by IM M.Notkin)}) 35. Qc3 $2 (35. Rd2 $1 {was winning here, too:}
Qg1 36. Qc3 Ng2+ 37. Rxg2 Rxg2 38. Rf3 {[%cal Rf5e7,Rf5h6]} Rg6 39. Ne7+ Kf7
40. Nxg6 Qxg6 41. Qb3+ Ke7 42. Bh3 $18) 35... Rg1 $2 (35... Ng2+ {was still
possible but there was no clear draw anymore:} 36. Bxg2 Rxg2 37. Rg3+ Rxg3 38.
Nxg3 Qg1+ 39. Nf1 {, and White's knight is clearly stronger than Black's
bishop.}) 36. Rg3+ $2 {White fails to find} (36. Qxf6 $1 Ng2+ (36... Rxf1+ 37.
Kxf1 Qh1+ 38. Kf2 Qg2+ 39. Ke1 Qg1+ 40. Kd2 Rxd7+ 41. Kc3 $18) 37. Kd2 $1 Nxe3+
38. Kxe3 Rg3+ 39. Nxg3 Qxg3+ 40. Qf3 $18 {M.Notkin}) 36... Rxg3 37. Nxg3 Qh4
38. Kf2 Kf7 (38... Ng6 $5 {[%cal Rg6e5]}) 39. b4 Ne6 (39... Nh5 $5 {was
another good chance. The endgame after} 40. Qf3 Nxg3 41. Qxg3 Qxg3+ 42. Kxg3
Ke7 43. Bh3 c5 $1 44. bxc5 Bc6 {is probably drawn, e.g.} 45. Kh4 Bxd7 46. Bf5
$1 Bc8 $1 (46... Bxf5 47. Rxd8 Kxd8 48. exf5 Kc7 49. Kh5 Kc6 50. Kh6 Kxc5 51.
Kxh7 Kc4 52. Kg6 Kb3 53. Kxf6 Kxa3 54. Ke5 b4 55. f6 b3 56. f7 b2 57. f8=Q+ $18
) 47. Rxd8 Kxd8 48. Kh5 Bb7 49. Kh6 Ke7 50. Kxh7 Kf7 51. Kh6 Ke7 52. Kg6 Ba8 $1
53. Kh5 Kd8 $1 54. Kg4 Kc7 $11 {[%cal Rc7c6]}) 40. Qf3 $6 (40. Qe3 $5) 40...
Ng5 $2 {Black misses the last possibility:} (40... c5 $1 41. Bg2 (41. Bxb5 Ng5)
41... Bc6 42. Rh1 Qf4 43. Rxh7+ Kg8 44. Re7 Bxd7 {, and White has no decisive
blow.}) 41. Qf5 Ne6 (41... c5 42. Bg2 {is now hopeless for Black.}) 42. Bh3
Qf4+ 43. Qxf4 Nxf4 {This endgame is winning for White as he keeps his strong
d7-pawn.} 44. Bf5 Ke7 45. Rh1 Rh8 46. Ke3 Ne6 47. Bxe6 Kxe6 48. Rxh7 Rd8 49.
Nh5 (49. Nh5 Rxd7 50. Rxd7 Kxd7 51. Nxf6+ Ke6 52. Ng4 $18 {[%cal Ye3d4]}) 1-0

[Event "Douglas IoM op"]
[Site "Douglas"]
[Date "2017.10.01"]
[Round "9"]
[White "Akobian, Varuzhan"]
[Black "Caruana, Fabiano"]
[Result "0-1"]
[WhiteElo "2662"]
[BlackElo "2799"]
[Annotator "Krasenkow,M"]
[PlyCount "86"]
[EventDate "2017.09.23"]
[EventType "swiss"]
[EventRounds "9"]
[EventCountry "IOM"]
[SourceTitle "CBM 181"]
[Source "ChessBase"]
[SourceDate "2017.11.10"]
[SourceVersion "1"]
[SourceVersionDate "2017.11.10"]
[SourceQuality "1"]

1. d4 d6 2. Nf3 Nf6 3. c4 g6 4. Nc3 Bf5 {This risky system has been played by
Fabiano Caruana several times.} 5. d5 {[%cal Yf3d4] One of the principled
replies, although not too dangerous. White seizes the centre but Black is
ready to undermine it.} Bg7 6. Nd4 Bd7 7. e4 O-O 8. Be2 e6 (8... c5 {is hardly
good here:} 9. Nc2 (9. Ndb5 a6 10. Na3 b5 $1 $132 {S.Atalik}) 9... Na6 (9... e5
10. g4 Ne8 11. h4 f5 12. Bg5 Bf6 13. gxf5 gxf5 14. Rg1 Kh8 15. exf5 Bxf5 16.
Ne3 Bxg5 17. hxg5 Bg6 18. Bd3 $16 {1/2 (69) Navara,D (2727)-Krzyzanowski,M 
(2400) Wroclaw 2014}) (9... a6 10. a4 Ne8 11. Bg5 f6 12. Be3 f5 13. exf5 gxf5
14. Qd2 Nf6 15. O-O Be8 16. Bh6 $16 {Ftacnik-Stratil, CZE-chT 1994}) (9... e6
10. O-O exd5 11. exd5 Na6 12. Bg5 h6 13. Bf4 Ne8 14. a3 $14 {1/2 (28)
Kovacevic,B (2434)-Biliskov,V (2325) Bol 2013}) 10. O-O Nc7 11. Bf4 ({or} 11.
a4 a6 12. a5 Rb8 13. Be3 b5 14. axb6 Rxb6 15. b4 Rxb4 16. Nxb4 cxb4 17. e5 Nfe8
18. Na2 a5 19. Bb6 Bxe5 20. Bxa5 Bxa1 21. Qxa1 $14 {1/2 (63) Stocek,J (2580)
-Dausch,R (2387) Germany 2006}) 11... a6 12. a4 b5 13. axb5 axb5 14. cxb5 Rb8
15. Na3 $16 {1-0 (32) Bukavshin,I (2648)-Zablotsky,S (2525) Sochi 2015}) (8...
e5 {is probably more accurate than 8...e6:} 9. dxe6 $5 {- see 8...e6} (9. Nb3
a5 (9... c6 10. Bg5 h6 11. Bh4 cxd5 12. cxd5 g5 13. Bg3 b5 14. Qb1 b4 15. Nd1
a5 $132 {1-0 (45) Ftacnik,L (2565)-Stocek,J (2545) Slovakia 2002}) 10. Be3 Ne8
11. g4 Qh4 12. Nd2 Na6 13. h3 f5 14. g5 fxe4 15. Ncxe4 Nc5 $132 {1/2 (80)
Ftacnik,L (2532)-Czebe,A (2485) Slovakia 2010}) (9. Nc2 a5 (9... Na6 10. b4 Ne8
11. c5 dxc5 12. Bxa6 cxb4 13. Bxb7 Rb8 14. Nxb4 Rxb7 {0-1 (57) Gyimesi,Z (2594)
-Czebe,A (2485) Hungary 2010} 15. Ba3 $14) 10. g4 Na6 11. h4 Nc5 12. Bf3 c6 13.
g5 Ne8 14. Be3 {1-0 (54) Goganov,A (2608)-Elfimov,K (2102) Voronezh 2015} Nc7
$13)) (8... Na6 $5 {not yet committing to ...c7-c6 (c5) or ...e7-e6 (e5)} 9.
Be3 (9. f4 c6 $1 $132 (9... c5 $6 10. Nc2 Nc7 11. O-O a6 12. a4 Rb8 13. a5 b5
14. axb6 Rxb6 15. Bf3 e6 16. e5 $16 {1-0 (33) Jankovic,A (2548)-Czebe,A (2468)
Harkany 2008})) (9. O-O Nc5 10. f3 a5 11. Bg5 h6 12. Be3 Kh7 13. Qd2 e5 14. Nb3
b6 15. Nxc5 bxc5 16. g4 Ng8 17. Kg2 Bf6 $11 {[%cal Yf6g5] 0-1 (41) Ding,L 
(2702)-Jobava,B (2711) Beijing 2012}) 9... Nc5 (9... c5 $5 10. Ndb5 Bxb5 11.
cxb5 Nc7 12. O-O a6 13. bxa6 bxa6 14. f3 Nd7 15. Qd2 Qb8 16. Rac1 Qb7 17. Kh1
Rfb8 18. b3 Qb4 $132 {1-0 (48) Kasimdzhanov,R (2680)-Dizdarevic,E (2491)
Sarajevo 2003}) 10. f3 e5 (10... a5 11. Qd2 e5 12. dxe6 fxe6 13. O-O b6 14.
Rad1 Qe7 15. Bd3 Rf7 16. Bc2 $14 {1-0 (23) Ragger,M (2682)-Dobrov,V (2518)
Graz 2016}) 11. Nb3 b6 12. Nxc5 bxc5 13. g4 h5 $1 14. h3 Nh7 15. Qd2 h4 16.
O-O-O Bf6 17. Rdf1 Bg5 $11 {0-1 (51) Syvalahti,T (2121)-Kulaots,K (2570)
Finland FIN 2016}) 9. Bg5 {A good alternative to} (9. dxe6 $5 fxe6 10. O-O (10.
Be3 Nc6 11. Nc2 Qe7 12. Qd2 a6 13. O-O Rab8 14. b4 Ne5 15. Rad1 b5 16. c5 $14 {
1/2 (80) Gupta,A (2637)-Bortnyk,O (2588) Abu Dhabi 2016}) 10... Na6 (10... e5
11. Nc2 Be6 12. Bg5 Nbd7 13. Qd2 Kh8 14. f3 Bg8 15. b4 Rf7 {1/2 (41) Gelfand,B
(2723)-Morozevich,A (2721) Monte Carlo 2006} 16. Rad1 Nf8 17. c5 $14) 11. Nb3
b6 12. Be3 e5 13. Qd2 Nc5 14. Nxc5 bxc5 15. Bg5 $14 {0-1 (78) Korchmar,V (2422)
-Zvjaginsev,V (2661) Minsk 2017}) 9... h6 10. Be3 (10. Bh4 $5 exd5 (10... e5
11. Nc2 g5 12. Bg3 Nxe4 13. Nxe4 f5 14. Bd3 fxe4 15. Bxe4 $14) 11. cxd5 Re8 12.
f3 c5 13. Nb3 a6 14. a4 b6 15. Nd2 Bc8 16. Nc4 Ra7 17. O-O Rb7 18. Kh1 g5 19.
Bf2 $16 {1-0 (39) Polugaevsky,L-Gurgenidze,B Baku 1961}) 10... exd5 11. exd5
Re8 12. Qd2 Kh7 {It was not necessary to protect the pawn immediately but} (
12... Na6 $5 {was not enough for equality either:} 13. O-O (13. Bxh6 $6 Ne4 14.
Nxe4 Bxh6 15. Qxh6 Rxe4 16. Qd2 Qf6) 13... Nc5 14. f3 $14 ({but not} 14. Bxh6
Nfe4 15. Nxe4 Nxe4 16. Qe3 Nc5 17. Qd2 Ne4 $11) 14... Nh5 $5 15. Bxh6 Bxh6 16.
Qxh6 Qf6 17. Qd2 Nf4 18. Rfd1 {, and Black's initiative should be parried.})
13. O-O-O $6 {White has completed his development and intends to start a
kingside attack.} ({However,} 13. O-O Na6 14. Rae1 Nc5 15. f3 $14 {is safer.})
13... Na6 14. h4 Nc5 15. h5 g5 16. f3 Kg8 17. g4 Rb8 {A loss of time.} (17...
c6 $142 $132) 18. Rhe1 c6 19. Kb1 cxd5 20. cxd5 a6 21. Bd3 Nxd3 22. Qxd3 Rc8
23. Nde2 $6 {White underestimates Black's counterplay.} (23. Nc2 $142 {but the
position remains unclear after} Nxg4 $1 (23... b5 $143 24. Bd4 $14 {when Black
can't play 24...b4}) 24. fxg4 Bxg4 {e.g.} 25. Bd4 Bxh5 26. Bxg7 Kxg7 $13 {
[%cal Rh5g6]}) 23... b5 $1 {[%mdl 128]} 24. Ng3 (24. Bd4 $2 b4) (24. a3 $1 {
was a must but after} Qa5 $1 {[%cal Yb5b4] the initiative belonged to Black.})
24... Rc4 $6 (24... b4 25. Nce4) (24... Qa5 $142 $1 25. Nge4 Nxe4 26. Nxe4 Qb4
27. Bd4 f5 $1 28. gxf5 Qxd4 29. Qxd4 Bxd4 30. Rxd4 Bxf5 $17 {This difficult
line shows how complicated the position is; therefore both players can't avoid
mistakes.}) 25. Bd2 $1 $13 Rf8 26. Nf5 Bxf5 27. Qxf5 b4 $6 (27... Qc8 $13) 28.
Ne2 Nd7 29. Rc1 $6 (29. b3 Rc8 30. f4 $1 $36) 29... Rxc1+ 30. Rxc1 a5 31. Ng3
Re8 32. Re1 (32. f4 $1) 32... Nc5 33. Rxe8+ Qxe8 34. b3 a4 35. Bxb4 (35. Ne4 $1
$11 {e.g.} axb3 36. axb3 Nxb3 37. Bxb4 Qb8 38. Nxd6 $1 Qxb4 39. Qxf7+ $11)
35... axb3 36. axb3 Qb8 37. Bxc5 dxc5 38. Ne4 Qxb3+ 39. Kc1 Bd4 40. Kd2 $2 (40.
Nd2 $1 Be3 41. Qc8+ Kg7 42. Qxc5 $3 $11 {was the last, study-like defense.
After the text move Black gets a mating attack.}) 40... c4 41. Qc8+ Kg7 42. d6
Qd3+ 43. Kc1 Be3+ 0-1